| 000 | 00708cam a22001934a 4500 | ||
|---|---|---|---|
| 020 | _a9832088275 | ||
| 040 | _cUKM | ||
| 082 | _a338 IRR 2006 C025 Or. | ||
| 245 | 0 | 0 |
_aPortrait of the global rubber industry : _bdriving the wheel of the world economy. |
| 246 | 3 | 0 | _aRubber industry |
| 250 | _a1st ed. | ||
| 260 |
_aKuala Lumpur, Malaysia : _bPublisher/distributor, International Rubber Research and Development Board, _c2006. |
||
| 300 |
_a188 p. : _bcol. ill. ; _c32 cm. |
||
| 500 | _aAccompanied by supplement entitled: Industry reference supplement. | ||
| 650 | 0 | _aRubber industry and trade. | |
| 650 | 0 | _aRubber goods. | |
| 710 | 2 | _aInternational Rubber Research & Development Board. | |
| 942 | _cREC | ||
| 999 |
_c22366 _d22366 |
||